| 000 | 00397nam a22001697a 4500 | ||
|---|---|---|---|
| 003 | MACL | ||
| 005 | 20151226134321.0 | ||
| 008 | 151226b xxu||||| |||| 00| 0 eng d | ||
| 040 | _cMACL | ||
| 041 | _aEnglish | ||
| 082 | _a300/KAR | ||
| 100 |
_aKar Samit _922850 |
||
| 245 | _aLet's Vote | ||
| 260 |
_aKolkata _bDirected Initiative _c2011 |
||
| 650 |
_aSocial Science _922851 |
||
| 942 |
_2ddc _cBK |
||
| 999 |
_c51931 _d51931 |
||